[Event "Challenge"]
[Site "http://www.queenalice.com/game.php?id=810867"]
[Date "2010.7.30"]
[Round "-"]
[White "fadamasceno"]
[Black "Andreu"]
[Result "1-0"]
[WhiteElo "1820"]
[BlackElo "1981"]

1. e4 e5 2. Nf3 d6 3. d4 exd4 4. Nxd4 c5 5. Nf3 Nc6 6. Nc3 Nf6 7. Bc4 h6 8. O-O
Be7 9. Bf4 O-O 10. h3 a6 11. a4 Re8 12. Re1 Nd7 13. Bxd6 Bxd6 14. Qxd6 Nb4 15.
Rad1 Nxc2 16. Re2 Nb4 17. e5 Qe7 18. e6 fxe6 19. Rxe6 Qxd6 20. Rxe8+ 1-0

[Event "Challenge"]
[Site "http://www.queenalice.com/game.php?id=810869"]
[Date "2010.7.30"]
[Round "-"]
[White "fadamasceno"]
[Black "maurice91"]
[Result "1-0"]
[WhiteElo "1844"]
[BlackElo "1744"]

1. e4 e5 2. Nf3 Nc6 3. Nc3 Bc5 4. Bc4 Nf6 5. O-O O-O 6. d3 d6 7. h3 Be6 8. Bg5
Bxc4 9. dxc4 h6 10. Bh4 Nd4 11. Re1 Kh8 12. Nd5 g5 13. Nxg5 hxg5 14. Bxg5 Kh7
15. Nxf6+ Kg6 16. Qh5+ 1-0

[Event "Challenge"]
[Site "http://www.queenalice.com/game.php?id=810870"]
[Date "2010.7.30"]
[Round "-"]
[White "maurice91"]
[Black "fadamasceno"]
[Result "0-1"]
[WhiteElo "1741"]
[BlackElo "1883"]

1. d4 Nf6 2. c4 e6 3. Nc3 c5 4. Nf3 cxd4 5. Nxd4 Bc5 6. e3 Nc6 7. Be2 O-O 8. O-O
d5 9. cxd5 exd5 10. Bf3 Ne5 11. a3 Nxf3+ 12. Qxf3 Bg4 13. Qg3 Re8 14. h3 Bd6 15.
f4 Bd7 16. Qf2 Rc8 17. Bd2 Qb6 18. Be1 Bc5 19. Qd2 Rxe3 20. Bf2 Bxd4 21. Rad1
Rc4 22. Kh1 Ne4 23. Nxe4 Rxe4 24. Bxd4 Rcxd4 25. Qc1 Rxd1 26. Rxd1 Re2 27. Rxd5
Qf2 28. Rg5 Re1+ 0-1

[Event "Challenge"]
[Site "http://www.queenalice.com/game.php?id=810907"]
[Date "2010.7.30"]
[Round "-"]
[White "fadamasceno"]
[Black "uracile"]
[Result "1-0"]
[WhiteElo "1870"]
[BlackElo "1797"]

1. e4 e5 2. Nf3 d6 3. Nc3 Nf6 4. Bc4 Bg4 5. h3 Bxf3 6. Qxf3 Be7 7. Nd5 O-O 8.
Ne3 c6 9. Nf5 b5 10. Bb3 c5 11. d3 h6 12. Qg3 Nh5 13. Qg6 c4 14. Nxh6+ Kh8 15.
Qxh5 gxh6 16. Bxh6 Bf6 17. Bxf8+ Kg8 18. dxc4 Qxf8 19. cxb5 Nd7 20. Qg4+ Qg7 21.
Qxd7 Qxg2 22. Qg4+ Qxg4 23. hxg4 Bg5 24. Rh5 Be7 25. Ke2 Kg7 26. Rah1 Kg6 27.
Rh7 Rf8 28. a4 Bd8 29. R7h6+ Kg5 30. Kf3 f6 31. R1h5# 1-0

[Event "Challenge"]
[Site "http://www.queenalice.com/game.php?id=810908"]
[Date "2010.7.30"]
[Round "-"]
[White "uracile"]
[Black "fadamasceno"]
[Result "0-1"]
[WhiteElo "1788"]
[BlackElo "1857"]

1. e4 c5 2. Bc4 d6 3. Qh5 e6 4. Nf3 Nf6 5. Qh4 Be7 6. e5 dxe5 7. Nxe5 Nbd7 8.
Nf3 O-O 9. O-O Nb6 10. d3 Nfd5 11. Bg5 f6 12. Bf4 g5 13. Qg4 Nxf4 14. Nc3 Nxc4
15. dxc4 e5 16. Qg3 Nh5 17. Rad1 Qe8 18. Nd5 Nxg3 19. Nc7 Qc6 20. Nxa8 Nxf1 21.
Kxf1 Bg4 22. Re1 Bxf3 23. gxf3 Rxa8 24. Kg2 Rd8 25. h3 Rd2 0-1

[Event "Let's Play Chess!"]
[Site "http://www.queenalice.com/game.php?id=819692"]
[Date "2010.8.18"]
[Round "-"]
[White "AFA1961"]
[Black "fadamasceno"]
[Result "0-1"]
[WhiteElo "2248"]
[BlackElo "1923"]

1. Nf3 Nf6 2. Nc3 d5 3. d4 Nc6 4. Bf4 Bf5 5. e3 e6 6. Bb5 Bd6 7. Ne5 O-O 8. Bxc6
bxc6 9. Nxc6 Qe8 10. Bxd6 cxd6 11. Na5 Rb8 12. Nb3 Ne4 13. Ne2 Qc6 14. f3 Nf6
15. Nc3 Qc4 16. g4 Bg6 17. Qd2 Rfc8 18. h3 Qc7 19. Qg2 a5 20. O-O Nd7 21. Rfc1
Nb6 22. Nxa5 Qa7 23. Nb3 Nc4 24. Nd1 Qa4 25. Rab1 f6 26. Qe2 h5 27. Kf2 e5 28.
Nc3 Qc6 29. Kg1 Nxb2 30. Rxb2 Qxc3 31. Rbb1 h4 32. Kf2 Bxc2 33. Ra1 Rc4 34. Kg2
Kf7 35. Kg1 g5 36. Nd2 Rcb4 37. Nb3 Rc8 38. Kf2 Qc7 39. Kg1 Rc4 40. Re1 Rc3 41.
Qb5 Ke6 42. Qe2 Qc4 43. Qf2 Kf7 44. Kg2 Qa6 45. Kg1 Bd3 46. Nd2 Rc2 47. a4 Qa5
48. Rad1 R8c3 49. Kh1 Ra2 50. Rg1 Qxa4 51. dxe5 dxe5 52. Qe1 Rcc2 53. Rg2 Qa5
54. Kg1 e4 55. fxe4 Bxe4 56. Rf2 Qc7 57. Nxe4 dxe4 58. Rfd2 Rxd2 59. Rxd2 Rxd2
60. Qxd2 Qg3+ 61. Qg2 Qxe3+ 62. Kh1 Qe1+ 0-1

[Event "Let's Play Chess!"]
[Site "http://www.queenalice.com/game.php?id=819697"]
[Date "2010.8.18"]
[Round "-"]
[White "fadamasceno"]
[Black "AFA1961"]
[Result "1-0"]
[WhiteElo "1893"]
[BlackElo "2271"]

1. d4 Nf6 2. c4 e6 3. Nc3 d5 4. Nf3 Be7 5. cxd5 exd5 6. Bg5 O-O 7. e3 h6 8. Bxf6
Bxf6 9. Qb3 c6 10. Bd3 Na6 11. a3 Nc7 12. O-O Ne8 13. Ne5 Nd6 14. f4 Re8 15. Rf3
g6 16. Qc2 Bf5 17. Rg3 Bg7 18. Re1 Rc8 19. Bxf5 Nxf5 20. Rh3 h5 21. Qd3 Re7 22.
b4 Qe8 23. Qd2 f6 24. Nd3 g5 25. fxg5 fxg5 26. Rf3 Nxe3 27. Rexe3 Rxe3 28. Rxe3
Bxd4 29. Nd1 Rc7 30. N3f2 Bxe3 31. Nxe3 Qe5 32. Nc2 Re7 33. Nd3 Qf5 34. Nd4 Qf6
35. Nc2 Kh7 36. Nde1 Qf4 37. Qd1 Kh6 38. Nd3 Qf6 39. Qd2 Kg6 40. h3 a6 41. Nc5
g4 42. Nd4 Kf7 43. hxg4 hxg4 44. g3 b6 45. Ncb3 Re4 46. a4 a5 47. bxa5 bxa5 48.
Qd3 c5 49. Nc2 Qd6 50. Nd2 Rxa4 51. Qb3 Qc6 52. Ne3 Qe6 53. Qb7+ 1-0

[Event "Caissa 1"]
[Site "http://www.queenalice.com/game.php?id=831386"]
[Date "2010.9.11"]
[Round "-"]
[White "fadamasceno"]
[Black "leoreis"]
[Result "1-0"]
[WhiteElo "1952"]
[BlackElo "1784"]

1. d4 d5 2. c4 e6 3. Nc3 dxc4 4. e4 Nf6 5. Bxc4 Bb4 6. Qd3 h6 7. Nf3 O-O 8. Bd2
Nc6 9. a3 Be7 10. O-O Bc5 11. dxc5 Qxd3 12. Bxd3 Rd8 13. Bb5 Na5 14. Rad1 Nb3
15. Bf4 Rxd1 16. Rxd1 c6 17. Rd8+ Kh7 18. Bd3 g6 19. Bd6 Kg7 20. e5 Nd7 21. Ne4
b6 22. cxb6 Nxb6 23. Bf8+ 1-0

[Event "Caissa 2"]
[Site "http://www.queenalice.com/game.php?id=831387"]
[Date "2010.9.11"]
[Round "-"]
[White "leoreis"]
[Black "fadamasceno"]
[Result "0-1"]
[WhiteElo "1775"]
[BlackElo "1961"]

1. e4 c5 2. f4 Nc6 3. Nf3 Nf6 4. Nc3 g6 5. Bc4 Bg7 6. O-O d6 7. d3 a6 8. a3 b5
9. Ba2 O-O 10. h3 Bb7 11. Be3 e6 12. Qd2 Qc7 13. Nh2 Nh5 14. Rf3 Nd4 15. Rf2 a5
16. g4 b4 17. Ne2 Nxe2+ 18. Rxe2 Bxb2 19. Rb1 Bc3 20. Qd1 Nf6 21. axb4 axb4 22.
Bb3 Ra5 23. Bd2 Bxd2 24. Rxd2 c4 25. Bxc4 Nxe4 26. dxe4 Qxc4 27. Rd4 Qc5 28. Kf1
Ba6+ 29. Kg2 Ra2 30. Rd2 Bb7 31. Qe2 Rc8 32. Rc1 b3 33. c4 Rxd2 34. Qxd2 Bxe4+
35. Nf3 Ra8 36. Kg3 Ra2 0-1

[Event "Pitágoras"]
[Site "http://www.queenalice.com/game.php?id=838081"]
[Date "2010.9.29"]
[Round "-"]
[White "fadamasceno"]
[Black "plonius"]
[Result "1/2-1/2"]
[WhiteElo "1970"]
[BlackElo "2435"]

1. d4 Nf6 2. Nf3 d5 3. c4 e6 4. Nc3 Be7 5. cxd5 exd5 6. g3 O-O 7. Bg2 Nc6 8. O-O
Ne4 9. Ne5 Nxc3 10. bxc3 Nxe5 11. dxe5 c6 12. Rb1 Qc7 13. Qd4 Qa5 14. Qd2 Re8
15. Qc2 g6 16. Bf4 Bf8 17. c4 dxc4 18. Qxc4 Bg7 19. Rfd1 Bxe5 20. Bd5 Qc7 21.
Bxe5 1/2-1/2

[Event "Porto de Galinhas"]
[Site "http://www.queenalice.com/game.php?id=838082"]
[Date "2010.9.29"]
[Round "-"]
[White "cazzo"]
[Black "fadamasceno"]
[Result "1/2-1/2"]
[WhiteElo "2241"]
[BlackElo "1984"]

1. d4 Nf6 2. Nf3 g6 3. g3 d5 4. Bg2 Bg7 5. O-O Nc6 6. c4 dxc4 7. Nc3 O-O 8. Bg5
h6 9. Bxf6 Bxf6 10. e3 Rb8 11. Nd2 Na5 12. b4 cxb3 13. axb3 c5 14. Nde4 cxd4 15.
Nxf6+ exf6 16. exd4 Re8 17. d5 a6 18. Ne4 Kg7 19. Nxf6 Qxf6 20. Rxa5 Bd7 21. Ra2
Bb5 22. Re1 Rxe1+ 23. Qxe1 Re8 24. Qc1 Qe5 25. Qa1 Kf6 26. f4 Qxa1+ 27. Rxa1 Re3
28. b4 Rb3 29. d6 b6 30. Bh3 Rd3 31. Bc8 Rxd6 32. Bxa6 Bxa6 33. Rxa6 Ke6 34. Kf2
Kd5 35. Ra7 f5 36. Rc7 Rc6 37. Rh7 h5 38. b5 Rc2+ 39. Kf3 Rxh2 40. Rh6 1/2-1/2

[Event "Let's Play Chess!"]
[Site "http://www.queenalice.com/game.php?id=848695"]
[Date "2010.10.21"]
[Round "-"]
[White "fortunato"]
[Black "fadamasceno"]
[Result "0-1"]
[WhiteElo "2027"]
[BlackElo "2017"]

1. e4 e5 2. Nf3 Nc6 3. Bc4 Bc5 4. O-O Nf6 5. d4 Bxd4 6. Nxd4 Nxd4 7. f4 d6 8.
fxe5 dxe5 9. Bg5 Qe7 10. Qd3 Be6 11. Bxe6 Nxe6 12. Bxf6 gxf6 13. Nc3 c6 14. Rf2
Rg8 15. Rd1 Rd8 16. Qe3 Rxd1+ 17. Nxd1 Qc5 18. Qf3 Rg6 19. c3 Nf4 0-1

[Event "Challenge"]
[Site "http://www.queenalice.com/game.php?id=897480"]
[Date "2011.2.8"]
[Round "-"]
[White "vigusmao"]
[Black "fadamasceno"]
[Result "0-1"]
[WhiteElo "2126"]
[BlackElo "2033"]

1. e4 e5 2. Nf3 Nc6 3. c3 d5 4. Qa4 f6 5. Bb5 Ne7 6. d3 a6 7. Be3 Be6 8. Bxc6+
Nxc6 9. Nbd2 dxe4 10. dxe4 Qd3 11. O-O-O Qb5 12. Qxb5 axb5 13. a3 Be7 14. Kc2
Kf7 15. Ne1 f5 16. f3 f4 17. Bf2 Rhd8 18. g3 g5 19. Nd3 h5 20. gxf4 gxf4 21. Nc5
Bc8 22. Rhg1 b6 23. Nd3 Be6 24. Ne1 h4 25. Nd3 h3 26. Rdf1 Rd6 27. Be1 Rad8 28.
Nf2 Na5 29. Ng4 Rxd2+ 30. Bxd2 Bb3+ 31. Kc1 Nc4 32. Rf2 Bc5 33. Rgf1 Bxf2 34.
Rxf2 Ke6 35. Re2 Na5 36. Rf2 Ba4 0-1

[Event "Challenge"]
[Site "http://www.queenalice.com/game.php?id=904393"]
[Date "2011.2.23"]
[Round "-"]
[White "fadamasceno"]
[Black "vigusmao"]
[Result "1-0"]
[WhiteElo "2053"]
[BlackElo "2135"]

1. d4 Nf6 2. Nf3 e6 3. c4 b6 4. Nc3 Bb7 5. g3 Bb4 6. Bg2 c5 7. O-O cxd4 8. Nb5
a6 9. Nbxd4 O-O 10. Bf4 d5 11. Rc1 Nbd7 12. a3 Bc5 13. b4 Bxd4 14. Qxd4 Rc8 15.
Ne5 Nxe5 16. Bxe5 Ne8 17. cxd5 f6 18. dxe6 Qe7 19. Qd7 1-0

[Event "BRASIL 2000-2100"]
[Site "http://www.queenalice.com/game.php?id=906357"]
[Date "2011.2.27"]
[Round "1"]
[White "Lunog"]
[Black "fadamasceno"]
[Result "0-1"]
[WhiteElo "2036"]
[BlackElo "2072"]

1. e4 e5 2. Nf3 Nc6 3. Bb5 Nf6 4. Qe2 Bc5 5. c3 O-O 6. O-O d5 7. Bxc6 bxc6 8.
exd5 e4 9. Ne5 Qxd5 10. d4 exd3 11. Qxd3 Qxe5 12. Nd2 Bf5 13. Qc4 Be6 14. Qh4
Rfe8 15. Nf3 Qe4 16. Qg5 Bc4 17. Rd1 Bxf2+ 0-1

[Event "BRASIL 2000-2100"]
[Site "http://www.queenalice.com/game.php?id=973750"]
[Date "2011.8.17"]
[Round "2"]
[White "fadamasceno"]
[Black "mauricio_sm"]
[Result "1-0"]
[WhiteElo "2097"]
[BlackElo "2039"]

1. e4 c5 2. Nf3 d6 3. d4 cxd4 4. Nxd4 Nf6 5. Nc3 a6 6. Bc4 e6 7. Be3 b5 8. Bd3
Bb7 9. f3 Nc6 10. Nxc6 Bxc6 11. O-O g6 12. Qd2 Bg7 13. a4 bxa4 14. Nxa4 Bb5 15.
c4 Bxa4 16. Rxa4 Nd7 17. Be2 Nb6 18. Ra3 O-O 19. Rd1 Rc8 20. b3 d5 21. Rxa6 Rb8
22. cxd5 exd5 23. exd5 Nd7 24. Bc4 Ne5 25. d6 Nxc4 26. bxc4 Rb2 27. Qd3 Qc8 28.
c5 Qb7 29. c6 Qb4 30. d7 Rb3 31. Qd6 Qxd6 32. Rxd6 Rb1+ 33. Kf2 Rb2+ 34. Kf1
Rb1+ 35. Ke2 Rb2+ 36. Bd2 Bc3 37. c7 Bxd2 38. Rxd2 1-0